Statistics for Complete the Movie Title #4

Click here to take the quiz!

General Stats

  • This quiz has been taken 59 times
  • The average score is 11 of 15

Answer Stats

YearMovie% Correct
2002Catch Me If You {Can}
100%
2012The Hunger {Games}
98%
2022Everything Everywhere All at {Once}
96%
2012The Amazing Spider-{Man}
96%
2002Gangs of New {York}
94%
2002My Big Fat Greek {Wedding}
86%
2022Top Gun: {Maverick}
82%
2012The Dark Knight {Rises}
80%
2022Minions: The Rise of {Gru}
70%
2002Ice {Age}
66%
2022Bullet {Train}
64%
2012The Hobbit: An Unexpected {Journey}
62%
2012The Perks of Being a {Wallflower}
58%
2002City of {God}
36%
2022Black {Adam}
12%

Score Distribution

Percentile by Number Answered

Percent of People with Each Score

Your Score History

You have not taken this quiz